|
|
|
|
| LEADER |
00000nam a2200000 a 4500 |
| 001 |
vtls010335987 |
| 003 |
SK-MaSNL |
| 005 |
20260425235729.0 |
| 008 |
251029s2011 xo f 001 0 slo |
| 015 |
|
|
|a SNBA2012/03-01359
|
| 020 |
|
|
|a 9788089301850 (brož.)
|
| 035 |
|
|
|a 33C250D1-6F7F-42C1-8C1F-155089D655E3
|
| 035 |
|
|
|a urn:nbn:sk:snk-amjjlu
|
| 035 |
|
|
|a urn:nbn:sk:snk-am002g6j
|
| 040 |
|
|
|a SNK
|b slo
|c SNK
|e AACR2
|
| 041 |
0 |
|
|a slo
|
| 043 |
|
|
|a e-xo---
|
| 044 |
|
|
|a xo
|c SK
|
| 072 |
|
7 |
|a 930
|x Historická veda. Pomocné vedy historické. Archívnictvo
|2 konspekt
|
| 072 |
|
7 |
|a 929
|x Biografie
|2 konspekt
|
| 080 |
|
|
|a 929
|2 2001
|
| 080 |
|
|
|a 930.253
|2 2001
|
| 080 |
|
|
|a 801.82:930.253
|2 2001
|
| 080 |
|
|
|a (083.8)
|2 2001
|
| 080 |
|
|
|a (437.6)
|2 2001
|
| 110 |
2 |
|
|a Slovenská národná knižnica.
|b Archív literatúry a umenia
|4 aut
|9 168375
|
| 245 |
1 |
0 |
|a Inventár rukopisov Archívu literatúry a umenia Slovenskej národnej knižnice
|c zostavila Karin Šišmišová
|n XXXI
|p Fondy 233-248 (okrem 240)
|
| 246 |
3 |
0 |
|a Fondy 233-248 (okrem 240)
|
| 250 |
|
|
|a 1. vyd.
|
| 260 |
|
|
|a Martin
|b Slovenská národná knižnica
|c 2011
|
| 300 |
|
|
|a 318 s.
|c 20 cm
|
| 490 |
1 |
|
|a Dokumentácia. Fondy Archívu literatúry a umenia Slovenskej národnej knižnice
|v 233-248 (okrem 240)
|
| 504 |
|
|
|a Reg.
|
| 650 |
0 |
7 |
|a osobnosti
|2 SNKPH
|9 29820
|
| 650 |
0 |
7 |
|a archívne fondy
|2 SNKPH
|9 1974
|
| 650 |
0 |
7 |
|a písomná pozostalosť
|2 SNKPH
|9 74133
|
| 650 |
0 |
7 |
|a Celebrities
|2 SNKPHeng
|9 265203
|
| 650 |
0 |
7 |
|a Archives
|2 SNKPHeng
|9 265292
|
| 651 |
|
7 |
|a Martin (Slovensko)
|2 SNKPH
|9 16875
|
| 651 |
|
7 |
|a Martin (Slovakia)
|2 SNKPHeng
|9 266720
|
| 655 |
|
7 |
|a súpisy
|2 SNKPH
|9 70480
|
| 655 |
|
7 |
|a Inventories
|2 SNKPHeng
|9 266628
|
| 700 |
1 |
|
|a Šišmišová, Karin,
|d 1966-
|4 com
|9 11995
|
| 830 |
|
0 |
|a Dokumentácia. Fondy Archívu literatúry a umenia Slovenskej národnej knižnice
|9 403216
|
| 919 |
|
|
|a 978-80-89301-85-0
|
| 968 |
|
|
|d 93/94
|
| 999 |
|
|
|c 836737
|d 838667
|
| 952 |
|
|
|a SNK
|b SNK
|y PREZ
|7 0
|p 17A0875871
|o snkSD 80709
|i snk2012/1459
|8 0
|0 0
|1 0
|4 0
|d 2012-01-19
|l 0
|r 2025-12-01 00:00:00
|w 2026-02-24
|
| 952 |
|
|
|a SNK
|b SNK
|y VYP
|7 0
|p 17A0875870
|o snkSD 80709 D1
|i snk2012/1460
|8 0
|0 0
|1 0
|4 0
|d 2012-01-19
|f 1
|l 0
|r 2017-06-30 00:00:00
|w 2026-02-24
|